[Event "Paranaense-ch U20 Girls"]
[Site "Pirai do Sul"]
[Date "2019.07.12"]
[Round "1.1"]
[White "Bail, Ellen Larissa"]
[Black "Amaral, Emily Costa"]
[Result "1-0"]
[WhiteElo "1867"]
[BlackElo "1800"]
[PlyCount "87"]
[EventDate "2019.07.12"]
[EventType "swiss"]
[EventRounds "5"]
[EventCountry "BRA"]
[SourceTitle "EXT 2022"]
[Source "ChessBase"]
[SourceDate "2021.10.06"]
[SourceVersion "1"]
[SourceVersionDate "2021.10.06"]
[SourceQuality "1"]

1. Nf3 f5 2. b3 Nf6 3. Bb2 e6 4. c4 c6 5. Qc2 Be7 6. g3 d5 7. Bg2 0-0 8. 0-0 Nbd7 9. cxd5 cxd5 10. Nd4 Nc5 11. b4 Nce4 12. d3 Ng5 13. Qd2 Nf7 14. Rc1 e5 15. Nb3 b6 16. a4 Qd6 17. Nc3 Bd7 18. Ba3 Qe6 19. Qa2 e4 20. dxe4 fxe4 21. Nd4 Qe5 22. e3 Nd6 23. b5 Qh5 24. Bxd6 Bxd6 25. Nxe4 Kh8 26. Nxf6 Rxf6 27. Qxd5 Qxd5 28. Bxd5 Raf8 29. Rc2 Be5 30. Rd1 Bxd4 31. Rxd4 Be6 32. Bxe6 Rxe6 33. Rd7 Rg6 34. Rxa7 Rgf6 35. Rac7 Rd6 36. R7c6 Rd1+ 37. Kg2 h6 38. Rxb6 Kh7 39. a5 Rf7 40. a6 Rb1 41. Rb8 Ra7 42. Ra2 Rd1 43. b6 Rad7 44. a7 1-0